[Event "Schleswig Holstein-ch Seniors op 11th"]
[Site "Buesum"]
[Date "2017.09.11"]
[Round "4"]
[White "Just, Fred"]
[Black "Schumacher, Gottfried"]
[Result "0-1"]
[WhiteElo "2121"]
[BlackElo "2273"]
[PlyCount "64"]
[EventDate "2017.09.08"]
[EventType "swiss"]
[EventRounds "9"]
[EventCountry "GER"]
[SourceTitle "EXT 2019"]
[Source "ChessBase"]
[SourceDate "2018.10.10"]
[SourceVersion "1"]
[SourceVersionDate "2018.10.10"]
[SourceQuality "1"]

1. d4 d5 2. Nf3 Nf6 3. c4 e6 4. Nc3 c6 5. e3 a6 6. a3 Nbd7 7. Bd3 dxc4 8. Bxc4 b5 9. Be2 Bb7 10. b4 a5 11. Rb1 axb4 12. axb4 Bd6 13. e4 Qe7 14. Qb3 e5 15. d5 cxd5 16. exd5 0-0 17. Bxb5 e4 18. Nd4 Qe5 19. Nc6 Qf5 20. Be2 Rfe8 21. Be3 Ne5 22. Nb5 Bb8 23. Nbd4 Qg6 24. Nxe5 Bxe5 25. Nc6 Qxg2 26. Rf1 Bxh2 27. b5 Nd7 28. Bd4 Be5 29. Qb4 Bxd4 30. Qxd4 Ra2 31. Bc4 Ra4 32. d6 Kf8 0-1

[Event "GER-chA Seniors 29th"]
[Site "Berlin"]
[Date "2017.08.14"]
[Round "7"]
[White "Schumacher, Gottfried"]
[Black "Kannenberg, Karl Heinz"]
[Result "0-1"]
[WhiteElo "2273"]
[BlackElo "2191"]
[PlyCount "100"]
[EventDate "2017.08.07"]
[EventType "swiss"]
[EventRounds "9"]
[EventCountry "GER"]
[SourceTitle "EXT 2019"]
[Source "ChessBase"]
[SourceDate "2018.10.10"]
[SourceVersion "1"]
[SourceVersionDate "2018.10.10"]
[SourceQuality "1"]

1. b3 d5 2. Bb2 Bf5 3. e3 Nf6 4. Nf3 e6 5. Be2 h6 6. 0-0 Nbd7 7. c4 Be7 8. cxd5 exd5 9. Nc3 0-0 10. d3 Bh7 11. Qd2 c6 12. Rfc1 Bd6 13. Na4 Qe7 14. a3 Rfe8 15. b4 Rad8 16. Bd4 Bb8 17. Qc3 Ng4 18. Nc5 Nxc5 19. bxc5 Ne5 20. Rab1 Rd7 21. Rb4 Nxf3+ 22. Bxf3 Be5 23. Rcb1 Bxd4 24. Rxd4 Bf5 25. Rdb4 Rc7 26. h3 Rd8 27. Ra4 a6 28. Rf4 Bc8 29. Rbb4 Rf8 30. Bd1 f5 31. Bb3 Kh8 32. g4 Qf6 33. Qxf6 Rxf6 34. gxf5 Bxf5 35. e4 dxe4 36. dxe4 Bxh3 37. e5 Rxf4 38. Rxf4 Kh7 39. e6 g5 40. Rd4 Kg7 41. f4 Kf6 42. Kf2 Re7 43. Kf3 Bxe6 44. Bxe6 Kxe6 45. Rd6+ Kf5 46. Rxh6 g4+ 47. Kf2 Kxf4 48. Rf6+ Ke5 49. Rg6 Kd5 50. Rg5+ Kc4 0-1

[Event "GER-chA Seniors 29th"]
[Site "Berlin"]
[Date "2017.08.08"]
[Round "1"]
[White "Steiger, Michael"]
[Black "Schumacher, Gottfried"]
[Result "0-1"]
[WhiteElo "1995"]
[BlackElo "2273"]
[PlyCount "108"]
[EventDate "2017.08.07"]
[EventType "swiss"]
[EventRounds "9"]
[EventCountry "GER"]
[SourceTitle "EXT 2019"]
[Source "ChessBase"]
[SourceDate "2018.10.10"]
[SourceVersion "1"]
[SourceVersionDate "2018.10.10"]
[SourceQuality "1"]

1. Nf3 g6 2. g3 Bg7 3. d4 Nf6 4. c4 c6 5. Bg2 d6 6. 0-0 Bg4 7. h3 Bf5 8. Nc3 Ne4 9. Nxe4 Bxe4 10. Ng5 Bxg2 11. Kxg2 Nd7 12. e4 0-0 13. Be3 Qa5 14. Nf3 b5 15. Qd2 Qa6 16. cxb5 Qxb5 17. a4 Qb7 18. b4 Rfd8 19. Rfb1 Rac8 20. Rc1 c5 21. bxc5 dxc5 22. Rab1 Qxe4 23. dxc5 Ne5 24. Qe2 Rc6 25. Rd1 Rdc8 26. Rb7 Rf6 27. Rc7 Re8 28. Rxe7 Re6 29. Rxe6 fxe6 30. Rd4 Qxf3+ 31. Qxf3 Nxf3 32. Kxf3 Bxd4 33. Bxd4 e5 34. Be3 Kf7 35. Ke4 Ke6 36. c6 Rc8 37. Bxa7 Rxc6 38. a5 Rc4+ 39. Kd3 Kd5 40. Bb8 Ra4 41. Bc7 Ra3+ 42. Ke2 Ke4 43. h4 Ra2+ 44. Ke1 Kf3 45. Bb6 e4 46. Kd1 Rxf2 47. Bxf2 Kxf2 48. a6 e3 49. Kc2 e2 50. a7 e1Q 51. a8Q Qe2+ 52. Kc1 Qe3+ 53. Kc2 Kxg3 54. Qa4 Qf4 0-1

[Event "Rheinland Pfalz op Seniors 15th"]
[Site "Neustadt an der Weinstrasse"]
[Date "2017.07.22"]
[Round "8"]
[White "Schumacher, Gottfried"]
[Black "Bellingrath, Jens"]
[Result "1/2-1/2"]
[WhiteElo "2270"]
[BlackElo "2054"]
[PlyCount "84"]
[EventDate "2017.07.15"]
[EventType "swiss"]
[EventRounds "9"]
[EventCountry "GER"]
[SourceTitle "EXT 2018"]
[Source "ChessBase"]
[SourceDate "2017.10.13"]
[SourceVersion "1"]
[SourceVersionDate "2017.10.13"]
[SourceQuality "1"]

1. g3 g6 2. Bg2 Bg7 3. d4 Nf6 4. e4 d6 5. Bg5 c6 6. Ne2 Qa5+ 7. Qd2 Qxd2+ 8. Nxd2 Nbd7 9. h3 0-0 10. f4 h6 11. Bh4 Re8 12. 0-0-0 Nb6 13. g4 Nh7 14. Bf2 d5 15. Ng3 dxe4 16. Bxe4 Nf6 17. Bf3 Be6 18. Rhg1 Bd5 19. Be2 Rad8 20. f5 c5 21. dxc5 Nbd7 22. h4 Ne5 23. Ngf1 Bxa2 24. g5 Nd5 25. h5 Nf4 26. Bb5 a6 27. Be3 axb5 28. Bxf4 Nc4 29. c3 hxg5 30. Bxg5 Na5 31. hxg6 Nb3+ 32. Nxb3 Rxd1+ 33. Kxd1 Bxb3+ 34. Ke2 fxg6 35. Ne3 Kf7 36. fxg6+ Kxg6 37. Bxe7+ Kf7 38. Bd6 Bh6 39. Rf1+ Kg8 40. Rf3 Rxe3+ 41. Rxe3 Bxe3 42. Kxe3 Kf7 1/2-1/2

[Event "Rheinland Pfalz op Seniors 15th"]
[Site "Neustadt an der Weinstrasse"]
[Date "2017.07.21"]
[Round "7"]
[White "Hagen, Peter"]
[Black "Schumacher, Gottfried"]
[Result "0-1"]
[WhiteElo "2218"]
[BlackElo "2270"]
[PlyCount "80"]
[EventDate "2017.07.15"]
[EventType "swiss"]
[EventRounds "9"]
[EventCountry "GER"]
[SourceTitle "EXT 2018"]
[Source "ChessBase"]
[SourceDate "2017.10.13"]
[SourceVersion "1"]
[SourceVersionDate "2017.10.13"]
[SourceQuality "1"]

1. d4 Nf6 2. Nf3 e6 3. e3 b6 4. Bd3 c5 5. c3 Bb7 6. Nbd2 Nc6 7. 0-0 Qc7 8. Qe2 d5 9. dxc5 bxc5 10. e4 Be7 11. e5 Nd7 12. Re1 a5 13. a3 a4 14. c4 d4 15. b3 Nb6 16. bxa4 Nxa4 17. Ne4 Nxe5 18. Bf4 Nxf3+ 19. Qxf3 e5 20. Bxe5 Qxe5 21. Nf6+ Qxf6 22. Qxb7 0-0 23. Qxe7 Qxe7 24. Rxe7 Rab8 25. Rc7 Rfe8 26. f3 Kf8 27. Be4 Re7 28. Rxe7 Kxe7 29. Kf1 g6 30. Rb1 Nb2 31. a4 Kd6 32. a5 Kc7 33. Bd5 Nxc4 34. Rxb8 Ne3+ 35. Ke2 Kxb8 36. Bxf7 Ka7 37. Bg8 h6 38. Bh7 Nxg2 39. Kd3 Nf4+ 40. Kc4 d3 0-1

[Event "Rheinland Pfalz op Seniors 15th"]
[Site "Neustadt an der Weinstrasse"]
[Date "2017.07.20"]
[Round "6"]
[White "Schumacher, Gottfried"]
[Black "Dushatskiy, Fedor"]
[Result "1/2-1/2"]
[WhiteElo "2270"]
[BlackElo "2160"]
[PlyCount "70"]
[EventDate "2017.07.15"]
[EventType "swiss"]
[EventRounds "9"]
[EventCountry "GER"]
[SourceTitle "EXT 2018"]
[Source "ChessBase"]
[SourceDate "2017.10.13"]
[SourceVersion "1"]
[SourceVersionDate "2017.10.13"]
[SourceQuality "1"]

1. g3 d5 2. Bg2 c5 3. c4 d4 4. d3 Nc6 5. Nf3 Nf6 6. 0-0 Bg4 7. Bf4 Nd7 8. h3 Bh5 9. g4 Bg6 10. Qa4 f6 11. Nh4 Bf7 12. Bg3 Qb6 13. Na3 Rc8 14. Nc2 a6 15. a3 g5 16. Nf3 e5 17. Nd2 h5 18. b4 Be6 19. Rab1 Qc7 20. e3 hxg4 21. hxg4 Bxg4 22. Rbe1 Nb6 23. Qb3 Qh7 24. Ne4 Be7 25. bxc5 Bh3 26. exd4 Bxg2 27. Kxg2 Qh3+ 28. Kf3 f5 29. Rh1 Qg4+ 30. Kg2 Rxh1 31. Rxh1 fxe4 32. cxb6 Qf3+ 33. Kg1 Qd1+ 34. Kg2 Qf3+ 35. Kg1 Qd1+ 1/2-1/2

[Event "Rheinland Pfalz op Seniors 15th"]
[Site "Neustadt an der Weinstrasse"]
[Date "2017.07.16"]
[Round "2"]
[White "Schumacher, Gottfried"]
[Black "Dickel, Gisbert"]
[Result "1-0"]
[WhiteElo "2270"]
[BlackElo "1937"]
[PlyCount "71"]
[EventDate "2017.07.15"]
[EventType "swiss"]
[EventRounds "9"]
[EventCountry "GER"]
[SourceTitle "EXT 2018"]
[Source "ChessBase"]
[SourceDate "2017.10.13"]
[SourceVersion "1"]
[SourceVersionDate "2017.10.13"]
[SourceQuality "1"]

1. Nf3 e6 2. c4 f5 3. Nc3 Nf6 4. g3 c6 5. Bg2 d5 6. cxd5 cxd5 7. 0-0 Nc6 8. d3 Be7 9. Bf4 a6 10. Rc1 0-0 11. a3 h6 12. b4 Kh7 13. Qc2 g5 14. Bd2 g4 15. Ne1 Nd4 16. Qa2 Qd6 17. e4 dxe4 18. dxe4 fxe4 19. Nxe4 Ne2+ 20. Kh1 Nxc1 21. Qc2 Nxe4 22. Qxe4+ Rf5 23. Bxc1 Bd7 24. Qxb7 Rc8 25. Be3 Rc7 26. Qe4 Bc6 27. Qxg4 h5 28. Qh3 Kg6 29. g4 hxg4 30. Qxg4+ Kf7 31. Nf3 Qd3 32. Rg1 Rc8 33. Nd4 Bxg2+ 34. Rxg2 Rf6 35. Qh5+ Rg6 36. Nf3 1-0

[Event "Schleswig Holstein-ch Seniors op 10th"]
[Site "Buesum"]
[Date "2016.10.04"]
[Round "9"]
[White "Quiring, Nikolai"]
[Black "Schumacher, Gottfried"]
[Result "0-1"]
[WhiteElo "2042"]
[BlackElo "2261"]
[PlyCount "88"]
[EventDate "2016.09.26"]
[EventType "swiss"]
[EventRounds "9"]
[EventCountry "GER"]
[SourceTitle "EXT 2019"]
[Source "ChessBase"]
[SourceDate "2018.10.10"]
[SourceVersion "1"]
[SourceVersionDate "2018.10.10"]
[SourceQuality "1"]

1. d4 e6 2. c4 d5 3. Nc3 c6 4. cxd5 exd5 5. Qc2 Nf6 6. Bg5 Nbd7 7. e3 Qa5 8. Bd3 c5 9. Nf3 c4 10. Bf5 b5 11. 0-0 b4 12. Ne2 Bb7 13. a3 b3 14. Bxd7+ Nxd7 15. Qf5 Qb6 16. Nc3 g6 17. Qb1 f5 18. Bf4 Bg7 19. a4 a6 20. a5 Qe6 21. Qe1 Bc6 22. Na4 Bxa4 23. Rxa4 Bf8 24. Qc3 h6 25. Nd2 g5 26. Bg3 Be7 27. f3 0-0 28. Raa1 f4 29. Bf2 fxe3 30. Bxe3 Bd6 31. Rfe1 Qf7 32. Nf1 Nf6 33. Qd2 Kh7 34. Re2 Nh5 35. Qe1 Rae8 36. Qb1+ Kg7 37. Re1 Nf4 38. Qd1 Nd3 39. Re2 Re6 40. Bf2 Rfe8 41. Be3 Qf6 42. Qd2 Bb4 43. Qd1 Kg6 44. Qb1 Rxe3 0-1

[Event "Schleswig Holstein-ch Seniors op 10th"]
[Site "Buesum"]
[Date "2016.10.02"]
[Round "7"]
[White "Schumacher, Gottfried"]
[Black "Heinzel, Peter"]
[Result "0-1"]
[WhiteElo "2261"]
[BlackElo "2050"]
[PlyCount "80"]
[EventDate "2016.09.26"]
[EventType "swiss"]
[EventRounds "9"]
[EventCountry "GER"]
[SourceTitle "EXT 2019"]
[Source "ChessBase"]
[SourceDate "2018.10.10"]
[SourceVersion "1"]
[SourceVersionDate "2018.10.10"]
[SourceQuality "1"]

1. d4 Nf6 2. Nf3 e6 3. c4 b6 4. Nc3 Bb7 5. Bg5 Be7 6. e3 h6 7. Bh4 d6 8. b4 Nbd7 9. Rb1 Ne4 10. Nxe4 Bxe4 11. Bxe7 Qxe7 12. Bd3 Bxd3 13. Qxd3 0-0 14. 0-0 a5 15. b5 f5 16. Rbc1 Rae8 17. Qa3 Rc8 18. Rc3 Rfe8 19. Rfc1 e5 20. h3 g5 21. Nd2 f4 22. Nb3 fxe3 23. fxe3 a4 24. Nd2 exd4 25. exd4 Qf6 26. Nf3 Qf4 27. Qxa4 Ra8 28. Qc2 Kg7 29. Rf1 Nf6 30. Rd3 Qf5 31. Ne1 Qe4 32. c5 Nd5 33. cxd6 cxd6 34. Qd2 Qe2 35. Nf3 Rxa2 36. Qxe2 Rexe2 37. Re1 Rxg2+ 38. Kh1 Rgf2 39. Rc1 Nf4 40. Re3 Nh5 0-1

[Event "Schleswig Holstein-ch Seniors op 10th"]
[Site "Buesum"]
[Date "2016.09.30"]
[Round "5"]
[White "Schumacher, Gottfried"]
[Black "Krotofil, Kurt"]
[Result "1-0"]
[WhiteElo "2261"]
[BlackElo "1975"]
[PlyCount "91"]
[EventDate "2016.09.26"]
[EventType "swiss"]
[EventRounds "9"]
[EventCountry "GER"]
[SourceTitle "EXT 2019"]
[Source "ChessBase"]
[SourceDate "2018.10.10"]
[SourceVersion "1"]
[SourceVersionDate "2018.10.10"]
[SourceQuality "1"]

1. e4 c5 2. Nc3 Nc6 3. f4 d6 4. Bc4 g6 5. Nf3 Bg7 6. d3 e6 7. Be3 Nge7 8. Bb3 0-0 9. Qd2 a6 10. g4 Nd4 11. Bxd4 cxd4 12. Ne2 Nc6 13. h4 Na5 14. h5 Nxb3 15. axb3 e5 16. f5 gxf5 17. h6 Bf6 18. gxf5 Kh8 19. 0-0-0 Rg8 20. Rdg1 Rxg1+ 21. Rxg1 Qe7 22. Ng3 Bd7 23. Nh5 Rg8 24. Qh2 Bc6 25. Rg3 Bd7 26. Qg1 Rxg3 27. Qxg3 Bc6 28. c3 dxc3 29. bxc3 Bd7 30. Kb2 Bc6 31. Ka2 a5 32. Kb2 Bb5 33. d4 exd4 34. cxd4 Bc6 35. e5 dxe5 36. dxe5 Bxf3 37. Nxf6 Qf8 38. Qg5 Bc6 39. Nh5 f6 40. Qxf6+ Kg8 41. e6 Qxf6+ 42. Nxf6+ Kf8 43. Nxh7+ Ke7 44. Ng5 Kf6 45. h7 Kg7 46. f6+ 1-0

[Event "Schleswig Holstein-ch Seniors op 10th"]
[Site "Buesum"]
[Date "2016.09.29"]
[Round "4"]
[White "Josting, Friedel"]
[Black "Schumacher, Gottfried"]
[Result "1/2-1/2"]
[WhiteElo "1937"]
[BlackElo "2261"]
[PlyCount "140"]
[EventDate "2016.09.26"]
[EventType "swiss"]
[EventRounds "9"]
[EventCountry "GER"]
[SourceTitle "EXT 2019"]
[Source "ChessBase"]
[SourceDate "2018.10.10"]
[SourceVersion "1"]
[SourceVersionDate "2018.10.10"]
[SourceQuality "1"]

1. d4 e6 2. Nf3 c5 3. c4 cxd4 4. Nxd4 Nf6 5. Nc3 d5 6. e3 a6 7. Be2 Be7 8. 0-0 0-0 9. h3 dxc4 10. Bxc4 b5 11. Bb3 Qb6 12. Bd2 Rd8 13. Qe2 Nbd7 14. Rac1 Bb7 15. Rfd1 Ne5 16. Be1 Bc5 17. Nc2 Qc6 18. f3 Rac8 19. Bh4 Ba7 20. Rxd8+ Rxd8 21. Rd1 Rc8 22. Bxf6 gxf6 23. Ne4 f5 24. Nd6 Rc7 25. Nxb7 Qxb7 26. f4 Ng6 27. Kh2 Rd7 28. Ne1 Rxd1 29. Bxd1 Qb6 30. Nc2 Qd6 31. g3 Kg7 32. h4 h6 33. h5 Ne7 34. Ne1 Nd5 35. Ng2 Nf6 36. Bc2 Qc5 37. Qd3 a5 38. Qc3 Qxc3 39. bxc3 Nd5 40. e4 fxe4 41. Bxe4 Nxc3 42. Bd3 a4 43. Ne1 Bc5 44. Nc2 b4 45. Bc4 Nxa2 46. Bxa2 b3 47. Bb1 Kf6 48. g4 e5 49. Kg3 e4 50. Na1 e3 51. Kf3 Bd4 52. Nxb3 axb3 53. Bd3 Kg7 54. Bb1 f6 55. Be4 Kf8 56. Ke2 Ke7 57. Kd3 Kd6 58. Bf3 Kc5 59. Bd1 Kb4 60. Be2 Ka3 61. Bd1 b2 62. Bc2 Ka2 63. g5 fxg5 64. fxg5 hxg5 65. h6 b1Q 66. Bxb1+ Kxb1 67. h7 Kc1 68. Kxd4 e2 69. h8Q e1Q 70. Qc8+ Kd1 1/2-1/2

[Event "Rheinland Pfalz op Seniors 14th"]
[Site "Neustadt an der Weinstrasse"]
[Date "2016.07.24"]
[Round "9"]
[White "Schumacher, Gottfried"]
[Black "Ackermann, Hans Werner"]
[Result "0-1"]
[WhiteElo "2283"]
[BlackElo "2339"]
[PlyCount "84"]
[EventDate "2016.07.16"]
[EventType "swiss"]
[EventRounds "9"]
[EventCountry "GER"]
[SourceTitle "EXT 2019"]
[Source "ChessBase"]
[SourceDate "2018.10.10"]
[SourceVersion "1"]
[SourceVersionDate "2018.10.10"]
[SourceQuality "1"]

1. d4 d6 2. e4 Nf6 3. Nc3 Nbd7 4. f4 e5 5. dxe5 dxe5 6. fxe5 Nxe5 7. Qxd8+ Kxd8 8. Bg5 c6 9. Nf3 Bd6 10. 0-0-0 Kc7 11. Nd4 a6 12. h3 Nh5 13. Nce2 h6 14. Bd2 Nc4 15. Bc3 Nf6 16. Nf5 Bxf5 17. exf5 Be5 18. g4 Rhe8 19. Bxe5+ Rxe5 20. Nf4 Ne3 21. Re1 Nexg4 22. Bc4 Rxf5 23. Re7+ Kd6 24. Rxb7 Rxf4 25. Rd1+ Kc5 26. Bxf7 Ne3 27. Rd3 Ned5 28. c3 a5 29. b3 g5 30. a3 Ne8 31. Rd7 Rf5 32. c4 Nf4 33. Rd2 Kb6 34. Re7 Nc7 35. Rdd7 Rc8 36. b4 axb4 37. axb4 h5 38. Kd2 g4 39. Ke3 g3 40. c5+ Kb7 41. Bc4 Rg5 42. Rg7 Rxg7 0-1

[Event "Rheinland Pfalz op Seniors 14th"]
[Site "Neustadt an der Weinstrasse"]
[Date "2016.07.23"]
[Round "8"]
[White "Kollberg, Lothar"]
[Black "Schumacher, Gottfried"]
[Result "0-1"]
[WhiteElo "2116"]
[BlackElo "2283"]
[PlyCount "130"]
[EventDate "2016.07.16"]
[EventType "swiss"]
[EventRounds "9"]
[EventCountry "GER"]
[SourceTitle "EXT 2019"]
[Source "ChessBase"]
[SourceDate "2018.10.10"]
[SourceVersion "1"]
[SourceVersionDate "2018.10.10"]
[SourceQuality "1"]

1. d4 Nf6 2. c4 e6 3. Nc3 d5 4. cxd5 Nxd5 5. e4 Nxc3 6. bxc3 c5 7. Nf3 Nc6 8. d5 Nb8 9. Bb5+ Bd7 10. dxe6 fxe6 11. Rb1 Nc6 12. e5 Be7 13. Bd3 Qc7 14. Qe2 0-0-0 15. 0-0 h6 16. Bg6 Rhf8 17. Re1 Na5 18. c4 Bc6 19. Be4 Bxe4 20. Qxe4 Qc6 21. Qc2 Qd7 22. Be3 Qd3 23. Qa4 b6 24. Rec1 Kc7 25. h4 Qe4 26. Qc2 Qg4 27. Nd2 Bxh4 28. Ne4 Qf5 29. Nd6 Qxc2 30. Nb5+ Kb8 31. Rxc2 Be7 32. a4 Rd3 33. Bd2 Nxc4 34. Bxh6 Nxe5 35. Bxg7 Nf3+ 36. Kf1 Rf7 37. gxf3 Rxg7 38. Ke2 Rd5 39. Nc3 Rd4 40. a5 Kb7 41. Ne4 Kc6 42. Ke3 Ra4 43. axb6 axb6 44. Rcb2 Ra3+ 45. Kf4 Bd8 46. Rb3 Bc7+ 47. Ke3 Ra4 48. Nc3 Rd4 49. Ne4 Rf7 50. Ke2 Ra4 51. Nc3 Ra8 52. Ne4 Ra2+ 53. Ke3 Bf4+ 54. Kd3 Rd7+ 55. Kc4 Rc2+ 56. Rc3 Rd4+ 57. Kb3 Re2 58. Ka3 Be5 59. Rcb3 Bc7 60. Rc3 c4 61. Kb4 b5 62. Ra3 Bb6 63. Ra6 Rc2 64. Nc3 Rd8 65. Ka3 Rxc3+ 0-1

[Event "Rheinland Pfalz op Seniors 14th"]
[Site "Neustadt an der Weinstrasse"]
[Date "2016.07.22"]
[Round "7"]
[White "Schumacher, Gottfried"]
[Black "Schowalter, Gerd"]
[Result "1-0"]
[WhiteElo "2283"]
[BlackElo "1948"]
[PlyCount "39"]
[EventDate "2016.07.16"]
[EventType "swiss"]
[EventRounds "9"]
[EventCountry "GER"]
[SourceTitle "EXT 2019"]
[Source "ChessBase"]
[SourceDate "2018.10.10"]
[SourceVersion "1"]
[SourceVersionDate "2018.10.10"]
[SourceQuality "1"]

1. d4 d5 2. c4 c6 3. Nc3 Nf6 4. Bg5 Bf5 5. f3 h6 6. Bh4 e6 7. e4 dxe4 8. fxe4 Bh7 9. e5 g5 10. Bf2 Ne4 11. Nxe4 Bxe4 12. Ne2 c5 13. Nc3 Qa5 14. d5 Bg6 15. Bd3 Bxd3 16. Qxd3 Qa6 17. 0-0 Nd7 18. Bg3 Bg7 19. Nb5 0-0-0 20. Nd6+ 1-0

[Event "Rheinland Pfalz op Seniors 14th"]
[Site "Neustadt an der Weinstrasse"]
[Date "2016.07.21"]
[Round "6"]
[White "Selig, Rainer"]
[Black "Schumacher, Gottfried"]
[Result "1-0"]
[WhiteElo "2135"]
[BlackElo "2283"]
[PlyCount "85"]
[EventDate "2016.07.16"]
[EventType "swiss"]
[EventRounds "9"]
[EventCountry "GER"]
[SourceTitle "EXT 2019"]
[Source "ChessBase"]
[SourceDate "2018.10.10"]
[SourceVersion "1"]
[SourceVersionDate "2018.10.10"]
[SourceQuality "1"]

1. d4 e6 2. c4 Nf6 3. Nc3 d5 4. Bg5 Be7 5. e3 0-0 6. Nf3 Nbd7 7. cxd5 Nxd5 8. Bxe7 Nxe7 9. Rc1 c5 10. Bd3 cxd4 11. Nxd4 Nf6 12. 0-0 Qa5 13. Qe2 Rd8 14. Rfd1 Ned5 15. a3 Nxc3 16. Rxc3 e5 17. Nb3 Qb6 18. h3 Bd7 19. Nc5 Bc6 20. b4 e4 21. Bc4 a5 22. Rxd8+ Rxd8 23. Rb3 axb4 24. axb4 Qa7 25. Rb1 b6 26. Nb3 Qa3 27. Nd4 Bd5 28. Bxd5 Nxd5 29. Qc4 Qc3 30. Qb5 g6 31. Qc6 Qd3 32. Rc1 Nxe3 33. Ne6 Rb8 34. fxe3 Qxe3+ 35. Kh1 h5 36. Qc7 Ra8 37. Qf4 Qb3 38. Ng5 Qd5 39. Nxe4 Kg7 40. Qf6+ Kh6 41. Nd6 h4 42. Nxf7+ Kh5 43. Ne5 1-0

[Event "Rheinland Pfalz op Seniors 14th"]
[Site "Neustadt an der Weinstrasse"]
[Date "2016.07.20"]
[Round "5"]
[White "Schumacher, Gottfried"]
[Black "Haase, Reinhard"]
[Result "1/2-1/2"]
[WhiteElo "2283"]
[BlackElo "2114"]
[PlyCount "100"]
[EventDate "2016.07.16"]
[EventType "swiss"]
[EventRounds "9"]
[EventCountry "GER"]
[SourceTitle "EXT 2019"]
[Source "ChessBase"]
[SourceDate "2018.10.10"]
[SourceVersion "1"]
[SourceVersionDate "2018.10.10"]
[SourceQuality "1"]

1. c4 e6 2. Nf3 f5 3. Nc3 Nf6 4. d3 Bb4 5. Qb3 Qe7 6. Bg5 0-0 7. e3 c6 8. Be2 h6 9. Bh4 d5 10. Ne5 Bxc3+ 11. bxc3 Qc7 12. Ng6 Rf7 13. Bg3 Qa5 14. Bd6 Nbd7 15. 0-0 Kh7 16. Ne7 Qd8 17. Nxc8 Qxc8 18. Rab1 Nf8 19. f4 Ng6 20. h3 Qd8 21. c5 b5 22. a4 a6 23. Ra1 Rb7 24. Ra2 Raa7 25. Rfa1 Ne8 26. axb5 Rxb5 27. Qc2 Nxd6 28. cxd6 Qxd6 29. d4 Rb6 30. g4 Ne7 31. Bd3 g6 32. Ra5 Qb8 33. R1a2 Kg7 34. Kg2 Kf6 35. Qf2 g5 36. gxf5 Nxf5 37. fxg5+ Kxg5 38. e4 Nh4+ 39. Kh1 Rb1+ 40. Bxb1 Qxb1+ 41. Qg1+ Qxg1+ 42. Kxg1 Kf4 43. Rxa6 Rg7+ 44. Kf1 dxe4 45. Rxc6 Nf3 46. Rg2 Rb7 47. Re2 e3 48. Rxe3 Kxe3 49. Rxe6+ Kd3 50. Kf2 Ng5 1/2-1/2